000 00626nam a2200205Ii 4500
003 JO-AjNU
008 230606s9999||||xx |||||||||||||| ||und||
020 _a0-321-47617-4
040 _aJO-AjNU
_beng
_erda
_cJO-AjNU
041 _aeng
050 1 4 _aQA267 .H56 2001
100 3 _ahopcroft,john e/Motwani,Rajeev,
_eauthor
_91119
245 0 0 _aIntroduction to automata theory, languages, and computation
264 3 1 _aPEARSON:Addison Wesley:New york,2007
300 _a534p
336 _atext
_btxt
_2rdacontent
337 _aunmediated
_bn
_2rdamedia
338 _avolume
_bnc
_2rdacarrier
650 4 _aMachine theory. 
_91120
999 _aE586
_c586
_d586